L' amore pregiudicato : donne e omosessuali sotto il fascismo : romanzo storico /

Gorde:
Xehetasun bibliografikoak
Egile nagusia: Ceirani, Danilo
Beste egile batzuk: Rocchetti, Pierluigi
Formatua: Liburua
Hizkuntza:italiera
Argitaratua: Latina : Il Levante, 2015
Saila:Saggi ; 6
Etiketak: Etiketa erantsi
Etiketarik gabe, Izan zaitez lehena erregistro honi etiketa jartzen!

MARC

LEADER 00000nam a22000007i 4500
001 IT\ICCU\UBO\4145030
003 ItRI
005 20260115232201.0
008 150728s2015 it |||||| ||||| |||||c
020 |a 9788895203454 
040 |b ita  |c importazione bologna sebina 
041 7 |a ita  |2 ISO-639-2 
100 1 |a Ceirani, Danilo  |0 IT\ICCU\UBOV\420859 
245 1 3 |a L' amore pregiudicato :  |b donne e omosessuali sotto il fascismo : romanzo storico /  |c Danilo Ceirani, Pierluigi Rocchetti. 
260 |a Latina :  |b Il Levante,  |c 2015 
300 |a 178 p. :  |b ill. ;  |c 21 cm 
700 1 |a Rocchetti, Pierluigi  |0 IT\ICCU\UBOV\420860 
830 0 |a Saggi ;  |v 6  |0 IT\ICCU\UBO\4145040 
942 |2 ddc  |c BK  |n 0 
952 |0 0  |1 0  |4 0  |6 DOC_853_920000000000000_CEI  |7 0  |9 21556  |a BO  |b BO  |d 2026-01-15  |i 17948  |l 0  |o DOC 853.92 CEI  |p BO17948  |r 2026-01-15 23:22:01  |w 2026-01-15  |x [Sebina 5] [1 v.]  |y BK  |z 1 v. 
999 |c 18406  |d 18406